| 000 | 01085nam a22003257a 4500 | ||
|---|---|---|---|
| 003 | CHAP | ||
| 005 | 20220329141627.0 | ||
| 008 | 971013s1950 r 00010 d | ||
| 010 | _a71274 | ||
| 011 | _a72246 | ||
| 035 | _a81800 | ||
| 040 | _cCHAP | ||
| 082 |
_a672 _bB3 |
||
| 110 |
_aBanco de México. Departamento de Investigaciones Industriales _99835 |
||
| 245 | _aFabricación de estructuras de fierro y acero | ||
| 260 |
_aMéxico, D. F. : _bEl Banco, _c(1950) |
||
| 300 |
_a35 h. _b: ilus. |
||
| 490 |
_aBanco de México, S. A. Informes preliminares _v; 1 |
||
| 590 |
_aBATCH-UPD _b10 _c20130110 _lUCH01 _h0513 |
||
| 590 |
_aBATCH-UPD _b10 _c20130110 _lUCH01 _h2310 |
||
| 590 |
_aBATCH-UPD _b10 _c20130410 _lUCH01 _h0151 |
||
| 590 |
_aBATCH-UPD _b10 _c20130914 _lUCH01 _h0530 |
||
| 590 |
_aCONVERSION _b10 _c20130109 _lUCH01 _h1339 |
||
| 650 | 1 | 4 |
_aAcero _xIndustria. _9486 |
| 650 | 1 | 4 |
_aHierro _xIndustria. _955298 |
| 830 | 0 |
_aBanco de México, S. A. Informes preliminares _v; 1 _99830 |
|
| 901 | _aBK | ||
| 942 | _cLIBRO | ||
| 949 |
_a672 B3 _bBC _cBPA _d-35433 _eBPA _h14067 _i81800 _si |
||
| 999 |
_c71274 _d71274 |
||